Nonvascular plants: form and function
Gespeichert in:
| 1. Verfasser: | |
|---|---|
| Format: | Buch |
| Sprache: | Englisch |
| Veröffentlicht: |
Belmont
Wadsworth
1964
|
| Schriftenreihe: | Fundamentals of botany series
|
| Schlagworte: | |
| Tags: |
Tag hinzufügen
Keine Tags, Fügen Sie den ersten Tag hinzu!
|
MARC
| LEADER | 00000nam a2200000 a 4500 | ||
|---|---|---|---|
| 001 | UCV7489 | ||
| 003 | CL-VaPUC | ||
| 008 | 930329e19640000US |||||||||||||||||eng|d | ||
| 082 | 0 | 4 | |a 581.1 |b DOY |2 21 |
| 100 | 0 | |a Doyle, William T |e author |9 301619 | |
| 245 | 1 | 0 | |a Nonvascular plants: form and function |
| 300 | |a 147 p | ||
| 942 | |c BK | ||
| 945 | |d 19930329 00:00:00 | ||
| 260 | |a Belmont |b Wadsworth |c 1964 | ||
| 650 | 0 | |a Morfología vegetal |9 261628 | |
| 650 | 0 | |a Plantas |9 264555 | |
| 583 | |a last modification |c 19930329 00:00:00 |k Rodrigo Vera | ||
| 490 | 0 | |a Fundamentals of botany series | |
| 999 | |c 213157 |d 213155 | ||